ბათუმის შოთა რუსთაველის სახელმწიფო უნივერსიტეტის ბიბლიოთეკა

ანდრია აფაქიძის კოლექცია : (ბიბ.ჩანაწერი № 60277)

000 -ლიდერი
ფიქსირებული სიგრძის საკონტროლო ველი 01576nam a22002297a 4500
003 - საკონტროლო ნომრის იდენტიფიკატორი
საკონტროლო ველი Ge_BSU
005 - ბოლო ოპერაციის თარიღი და დრო
საკონტროლო ველი 20230623155709.0
008 - ფიქსირებული სიგრძის მონაცემთა ელემენტები - ზოგადი ინფორმაცია
ფიქსირებული სიგრძის საკონტროლო ველი 230623b xxu||||| |||| 00| 0 geo d
020 ## - წიგნის საერთაშორისო სტანდარტული ნომერი
International Standard Book Number 9789941133756
041 ## - ენის კოდი
Language code of text/sound track or separate title geo
080 ## - უნივერსალური ათობითი კლასიფიკაციის ინდექსი
Universal Decimal Classification number 027.7(479.22)+930(479.22) ა-64
245 ## - ცნობა სათაურის შესახებ
Title ანდრია აფაქიძის კოლექცია :
Remainder of title [ივანე ჯავახიშვილის სახ. თბილ. სახელმწ. უნ-ტის ბიბლიოთეკის კოლექციები] /
Statement of responsibility, etc თსუ; კოლექციის აღწერილობა მოამზადა მაკა ნუცუბიძემ; რედ. ზურაბ გაიპარაშვილი.
264 ## - წარმოების, გამოცემის, დისტრიბუციის და სხვა ცნობები
გამოცემის, წარმოების, დისტრიბუციის... ადგილი თბილისი :
გამოცემის, წარმოების, დისტრიბუციის... სახელწოდება თბილ. უნ-ტის გამ-ბა,
გამოცემის, წარმოების, დისტრიბუციის... თარიღი 2014.
300 ## - ფიზიკური აღწერა
Extent 264 გვ. :
Other physical details პორტრ. ;
Dimensions 20 სმ.
490 ## - სერიის ცნობა
Series statement ბიბლიოთეკის კოლექციები, 1512-3944
653 ## - INDEX TERM--UNCONTROLLED
Uncontrolled term აფაქიძე, ანდრია, 1914-2005.
653 ## - INDEX TERM--UNCONTROLLED
Uncontrolled term ქართველი ისტორიკოსების პირადი კოლექციები
700 ## - ADDED ENTRY--PERSONAL NAME
Personal name ნუცუბიძე, მ. (მაკა)
Relator term აღწერილობის მომზადება
9 (RLIN) 18942
700 ## - ADDED ENTRY--PERSONAL NAME
Personal name გაიპარაშვილი, ზ. (ზურაბ)
Relator term რედაქტორი.
9 (RLIN) 18943
710 ## - ADDED ENTRY--CORPORATE NAME
Corporate name or jurisdiction name as entry element თბილისის სახელმწიფო უნივერსიტეტი
9 (RLIN) 18944
942 ## - ADDED ENTRY ELEMENTS (KOHA)
Source of classification or shelving scheme
Koha item type წიგნი
ეგზემპლარები
ჩამოწერის სტატუსი დაკარგული ეგზემპლარის სტატუსი კლასიფიკაციის წყარო ან თაროზე გაწყობის სქემა დაზიანების სტატუსი არ გაიცემა მუდმივი მდებარეობა (დაცვის ადგილი) ამჟამინდელი ადგილსამყოფელი თაროზე განთავსების ადგილი შეძენის თარიღი ღირებულება, შესყიდვის ნორმალური ფასი სრული შენახვის შიფრი შტრიხკოდი ბოლო ოპერაციის თარიღი ეგზემპლარის მიმდევრობითი ნომერი (კეტერი?) Uniform Resource Identifier ფასის ძალაში შესვლის თარიღი ეგზემპლარის სახეობა საჯარო შენიშვნა
          ბათუმის შოთა რუსთაველის სახელმწიფო უნივერსიტეტის მთავარი ბიბლიოთეკა ბათუმის შოთა რუსთაველის სახელმწიფო უნივერსიტეტის მთავარი ბიბლიოთეკა წიგნსაცავი 2023-06-23 5.00 027.7(479.22)+930(479.22) ა-64 64782 2023-06-23 64782 ბსუ-ს საპატიო დოქტორის გურამ ლორთქიფანიძის საჩუქარი 2023-06-23 წიგნი 5 ლ.